The Sindhis: (Record no. 26788)

MARC details
000 -LEADER
fixed length control field 00930nam a22002655a 4500
005 - DATE AND TIME OF LATEST TRANSACTION
control field 20181129170820.0
008 - FIXED-LENGTH DATA ELEMENTS--GENERAL INFORMATION
fixed length control field 090218s2009 ii 000 0 eng
010 ## - LCCN (DPL NO)
LC control number ENG-93709
020 ## - INTERNATIONAL STANDARD BOOK NUMBER
International Standard Book Number 8185353530
Terms of availability 350.00
035 ## - SYSTEM CONTROL NUMBER
System control number EN-77242, B-159652
035 ## - SYSTEM CONTROL NUMBER
System control number B-361114-120, B-159628, B-159650
037 ## - SOURCE OF ACQUISITION
Source of stock number/acquisition DBAD / PUB
037 ## - SOURCE OF ACQUISITION
Source of stock number/acquisition PUB
040 ## - CATALOGING SOURCE
Original cataloging agency dpl
Language of cataloging English
082 ## - DEWEY DECIMAL CLASSIFICATION NUMBER
Classification number 305.8948
100 ## - MAIN ENTRY--PERSONAL NAME
Personal name Jotwani, Motilal
245 ## - TITLE STATEMENT
Title The Sindhis:
Remainder of title through the centuries /
Statement of responsibility, etc by Motilal Jotwani; foreword by L.K. Advani
260 ## - PUBLICATION, DISTRIBUTION, ETC. (IMPRINT)
Place of publication, distribution, etc New Delhi
Name of publisher, distributor, etc Aditya Books
Date of publication, distribution, etc 2006
270 ## - ADDRESS
Address 119, Vinobapuri, Lajpat Nagar-II,
City New Delhi
Postal code 110024
300 ## - PHYSICAL DESCRIPTION
Extent 166p.
Dimensions 23cm(Hb)
500 ## - GENERAL NOTE
General note Includes bibliographical references
700 ## - ADDED ENTRY--PERSONAL NAME
Personal name Advani, L.K.
942 ## - ADDED ENTRY ELEMENTS (KOHA)
Source of classification or shelving scheme Dewey Decimal Classification
Item type English Books
Call number suffix JOT
Classification part 305.8948
Holdings
Withdrawn status Lost status Source of classification or shelving scheme Damaged status Not for loan Collection code Home library Current library Date acquired Source of acquisition Cost, normal purchase price Total Checkouts Full call number Barcode Date last seen Copy number Cost, replacement price Koha item type Shelving location
    Dewey Decimal Classification     Non-fiction Bawana Bawana 23/04/2025 DPL/pub 350.00   JOT 305.8948   23/04/2025 1 350.00 English Books  
    Dewey Decimal Classification     Non-fiction Central Library Central Library 15/04/2010 Aditya Books/IN1026/27.10.09/103/16.10.09/27.10.09 350.00   305.8948 JOT B-361114 15/04/2010 1 350.00 English Books  
    Dewey Decimal Classification   Not For Loan Non-fiction D.B.Act.Division D.B.Act.Division 25/05/2009 DBAD / PUB 350.00   305.8948 JOT EN-77242 25/05/2009 100.00 350.00 English Books  
    Dewey Decimal Classification     Non-fiction Janak Puri Janak Puri 15/04/2010 Aditya Books/IN1026/27.10.09/103/16.10.09/27.10.09 350.00   305.8948 JOT B-361116 15/04/2010 1 350.00 English Books  
    Dewey Decimal Classification     Non-fiction Kadipur Kadipur 25/07/2019 BPPD/PUB 350.00   305.8948 JOT B-159649 25/07/2019   350.00 English Books  
    Dewey Decimal Classification     Non-fiction Karol Bagh Karol Bagh 15/04/2010 Aditya Books/IN1026/27.10.09/103/16.10.09/27.10.09 350.00   305.8948 JOT B-361119 15/04/2010 1 350.00 English Books  
    Dewey Decimal Classification     Non-fiction Patel Nagar Patel Nagar 15/04/2010 Aditya Books/IN1026/27.10.09/103/16.10.09/27.10.09 350.00   305.8948 JOT B-361115 15/04/2010 1 350.00 English Books  
    Dewey Decimal Classification     Non-fiction Patel Nagar Patel Nagar 25/07/2018 BPPD/PUB 350.00   305.8948 JOT B-159628 25/07/2018 2 350.00 English Books  
    Dewey Decimal Classification     Non-fiction Sarojini Nagar Sarojini Nagar 15/04/2010 Aditya Books/IN1026/27.10.09/103/16.10.09/27.10.09 350.00 1 305.8948 JOT B-361117 20/08/2018 1 350.00 English Books  
    Dewey Decimal Classification     Non-fiction Sarojini Nagar Sarojini Nagar 21/04/2012   350.00   305.8948 JOT B-159635 21/04/2012   350.00 English Books General Stacks
    Dewey Decimal Classification     Non-fiction Shahdara Branch Shahdara Branch 15/04/2010 Aditya Books/IN1026/27.10.09/103/16.10.09/27.10.09 350.00   305.8948 JOT B-361120 15/04/2010 1 350.00 English Books  
    Dewey Decimal Classification     Non-fiction Shahdara Branch Shahdara Branch 09/08/2018 BPPD/PUB 350.00   305.8948 JOT B-159650 09/08/2018   350.00 English Books  
    Dewey Decimal Classification     Non-fiction Vigyan Vihar Vigyan Vihar 29/11/2018 BPPD/PUB 350.00   305.8948 JOT B-159652 29/11/2018   350.00 English Books  
    Dewey Decimal Classification     Non-fiction Vinoba Puri Vinoba Puri 15/04/2010 Aditya Books/IN1026/27.10.09/103/16.10.09/27.10.09 350.00   305.8948 JOT B-361118 15/04/2010 1 350.00 English Books  

© Delhi Public Library
Hit Counter
free hit counter